| 000 | 01443nac a22003251u 4500 | ||
|---|---|---|---|
| 010 | _a 2002727053 | ||
| 020 | _a1853836486 | ||
| 035 | _a(OCoLC)ocm43000491 | ||
| 082 | 0 | 4 | _a305.26091724 |
| 090 |
_c2193 _d2193 |
||
| 100 | _a20080729 | ||
| 245 | 0 | 4 |
_aThe ageing and development report : _bpoverty, independence, and the world's older people / _cHelpAge International ; edited by Judith Randel, Tony German, and Deborah Ewing. |
| 246 | 3 | _aAging and development report. | |
| 246 | 3 | _aAgeing & development report. | |
| 260 |
_aLondon : _bEarthscan Publications,1999 _c1999. |
||
| 300 |
_axvi, 200 p. : _bill. (some col.) ; _c24 cm. |
||
| 504 | _aIncludes bibliographical references. | ||
| 650 | 0 |
_aElderly poor _zDeveloping countries. |
|
| 650 | 0 |
_aOlder people _zDeveloping countries _xSocial conditions. |
|
| 650 | 0 |
_aOlder people _zDeveloping countries _xEconomic conditions. |
|
| 650 | 0 |
_aAging _xSocial aspects _zDeveloping countries. |
|
| 650 | 0 |
_aOld age assistance _zDeveloping countries. |
|
| 700 | 1 | _aRandel, Judith. | |
| 700 | 1 | _aGerman, Tony. | |
| 700 | 1 | _aEwing, Deborah. | |
| 710 | 2 | _aHelpAge International. | |
| 856 | 4 | 1 |
_3Table of contents _uhttp://www.loc.gov/catdir/toc/fy034/2002727053.html |
| 942 |
_cBB _k305.26091724 |
||
| 999 |
_c2193 _d2193 |
||